| 000 | 00846cam a2200229 4500 | ||
|---|---|---|---|
| 001 | ABS61782 | ||
| 008 | 000000n1999 000 0 eng u | ||
| 035 | _a(Sirsi) u104037 | ||
| 100 | _aCounsell, D. | ||
| 245 | _aAttitudes to sustainable development in the housing capacity debate | ||
| 260 | _c1999 | ||
| 490 |
_aTown Planning Review _v70(2) April 1999, 213-229(9) |
||
| 520 | _aUsing the West Sussex Structure Plan as a case study, this article highlights various aspects of the debate about how to acccomodate the rising demand for new houses in the south east in the most sustainable manner. | ||
| 590 | _aABS | ||
| 650 | _aWEST SUSSEX | ||
| 650 | _aHOUSEHOLD PROJECTIONS | ||
| 650 | _aNEW HOMES | ||
| 650 | _aHOUSING DEVELOPMENT | ||
| 650 | _aSUSTAINABLE DEVELOPMENT | ||
| 690 | _aPROPERTY-PROPERTY DEVELOPMENT | ||
| 942 | _n0 | ||
| 999 |
_c62440 _d62440 |
||